University Home | Library Home | Institutional Repository

The wall street journal : (Record no. 127584)

MARC details
000 -LEADER
fixed length control field 00526cam a2200169 4500
008 - FIXED-LENGTH DATA ELEMENTS--GENERAL INFORMATION
fixed length control field 170509n 000 0 eng u
020 ## - INTERNATIONAL STANDARD BOOK NUMBER
International Standard Book Number 9780307236999
035 ## - SYSTEM CONTROL NUMBER
System control number (Sirsi) a202840
040 ## - CATALOGING SOURCE
Original cataloging agency CIP
050 ## - LIBRARY OF CONGRESS CALL NUMBER
Classification number HG 4521 KAN 2005
100 ## - MAIN ENTRY--PERSONAL NAME
Personal name Kansas, Dave
245 ## - TITLE STATEMENT
Title The wall street journal :
Remainder of title complete money and investing guide book/
Statement of responsibility, etc. Dave Kansas
260 ## - PUBLICATION, DISTRIBUTION, ETC.
Place of publication, distribution, etc. New York :
Name of publisher, distributor, etc. Three Rivers Press,
Date of publication, distribution, etc. 2005.
300 ## - PHYSICAL DESCRIPTION
Extent 221 p.
504 ## - BIBLIOGRAPHY, ETC. NOTE
Bibliography, etc. note Includes bibliographical references and indes
650 ## - SUBJECT ADDED ENTRY--TOPICAL TERM
Topical term or geographic name entry element Investments
Holdings
Withdrawn status Lost status Source of classification or shelving scheme Damaged status Not for loan Home library Current library Shelving location Total Checkouts Full call number Barcode Date last seen Copy number Price effective from Koha item type
    Library of Congress Classification     Main Library Main Library On Shelf   HG 4521 KAN 2005 33729005289025 08/22/2019 1 08/22/2019 Book
© 2026 - The University of Zambia Library - Koha v25.11